| 000 | 00882cam a22002773a 4500 | ||
|---|---|---|---|
| 001 | 25358 | ||
| 003 | PGUSA | ||
| 005 | 20140828083539.0 | ||
| 008 | 080506s2008||||xxu|||||s|||||000 1 eng d | ||
| 040 |
_aPGUSA _beng |
||
| 042 | _adc | ||
| 050 | 4 | _aPZ | |
| 100 | 1 |
_aOxley, J. Macdonald _q(James Macdonald), _d1855-1907 |
|
| 245 | 1 | 0 |
_aBert Lloyd's Boyhood : _bA Story from Nova Scotia _h[electronic resource] / _cJ. Macdonald Oxley |
| 260 |
_bProject Gutenberg, _c2008 |
||
| 506 | _aPublic domain in the USA. | ||
| 516 | _aElectronic text | ||
| 653 | _aBoys -- Juvenile fiction | ||
| 653 | _aChristian life -- Juvenile fiction | ||
| 653 | _aHalifax (N.S.) -- Juvenile fiction | ||
| 653 | _aFriendship -- Juvenile fiction | ||
| 700 | 1 |
_aFinnemore, Joseph, _d1860-1939 |
|
| 830 | 0 |
_aProject Gutenberg _v25358 |
|
| 856 | 4 | 0 | _uhttp://www.gutenberg.org/ebooks/25358 |
| 942 | _cEB | ||
| 999 |
_c254613 _d254613 |
||